The Hardest Archer Quiz Stats

 Plays Quiz not verified by Sporcle

Support Sporcle.
Go Orange.
Score 0/10 Timer 10:00
0 Plays Today
Hint Answer % Correct
Which character has flyers for his/her stand-up comedy around the office?Krieger
67.3%
In Archer's flashback in 'Once Bitten,' what gift did his 'real father' give him?Alligator
61.4%
What color is Malory's vibrator?Aubergine
53.4%
What famous drummer did Malory name as a potential father for Archer?Buddy Rich
47.5%
What last name did Cheryl/Carol use before revealing she was a Tunt?Gimple
27.8%
According to Krieger, there are two ways to control a person's heart. One is LSD. What is the other?Deep cycle marine battery
20.7%
ISIS is the International Secret Intelligence Service. What does ODIN stand for?Organization of Democratic Intelligence Networks
12%
In which episode did Archer first day 'phrasing'Killing Utne
10.8%
What is the wee baby Seamus' full name?Seamus Sterling Magoon Archer
9.9%
What is the serial number of the bomb in 'skytanic,' including the two letters after the dash?934txs-bm
7.4%

You're not logged in!

Compare scores with friends on all Sporcle quizzes.
OR
Log In

From the Vault

Wikipedia Country Popularity (2009)

by Chase

Finally, a quiz where Wikipedia is the perfect source.
Remove Ads.
Support Sporcle.
Get the best of Sporcle when you Go Orange. This ad-free experience offers more features, more stats, and more fun while also helping to support Sporcle. Thank you for becoming a member.

Show Comments

Extras

Created Jan 19, 2016ReportNominate
Tags:Cartoons Quiz, Archer

Top Quizzes Today


Score Distribution

Your Account Isn't Verified!

In order to create a playlist on Sporcle, you need to verify the email address you used during registration. Go to your Sporcle Settings to finish the process.

Report this User

Report this user for behavior that violates our Community Guidelines.

Details: